[Event "IV C.to Europeo seniores"]
[Site "Arvier ITA"]
[Date "2004.09.15"]
[Round "6"]
[White "Birens, Eric-Andre'"]
[Black "Ljubarskij, Juri"]
[Result "0-1"]
[WhiteElo "2116"]
[BlackElo "2338"]
[PlyCount "116"]
[EventDate "2004.09.10"]

1. d4 f5 2. Bg5 g6 3. e3 Bg7 4. Nf3 Nf6 5. Bc4 b6 6. O-O Bb7 7. Nbd2 e6 8. Qe2
O-O 9. Bd3 Nc6 10. c4 h6 11. Bf4 d6 12. Bg3 Qe8 13. c5 dxc5 14. dxc5 e5 15.
cxb6 axb6 16. Bb5 Nh5 17. Bxe5 Bxe5 18. Nxe5 Qxe5 19. Qc4+ Kg7 20. Bxc6 Ba6 21.
Qa4 Bxf1 22. Bxa8 Bb5 23. Qa3 c6 24. Nf3 Qb8 25. Qc3+ Rf6 26. Ne5 Qxa8 27. Nd7
Qd8 28. Nxf6 Qxf6 29. Qxf6+ Kxf6 30. Rd1 Ke7 31. f3 Nf6 32. Kf2 Bc4 33. b3 Bd5
34. Rd4 Kd6 35. Ra4 c5 36. Ke1 Nd7 37. Ra6 g5 38. h3 h5 39. Kf2 h4 40. Ra4 Bc6
41. Ra7 Ne5 42. Rg7 Nd3+ 43. Kg1 Nc1 44. Rg6+ Kc7 45. Rxg5 Nxa2 46. Rxf5 Nc1
47. Rf7+ Kd6 48. Rf6+ Kd7 49. e4 Nxb3 50. e5 c4 51. Rd6+ Kc7 52. Rf6 c3 53.
Rf7+ Kd8 54. Rf6 Na5 55. Rd6+ Ke7 56. Rd3 c2 57. Rc3 Ba4 58. Kf2 b5 0-1

[Event "IV C.to Europeo seniores"]
[Site "Arvier ITA"]
[Date "2004.09.15"]
[Round "6"]
[White "Bitzer, Dieter"]
[Black "Wagman, Stuart"]
[Result "0-1"]
[WhiteElo "2018"]
[BlackElo "2139"]
[PlyCount "100"]
[EventDate "2004.09.10"]

1. e4 c5 2. Nc3 Nc6 3. Nge2 g6 4. g3 Bg7 5. Bg2 d6 6. O-O e6 7. d3 Nge7 8. Bg5
Nd4 9. Nxd4 cxd4 10. Ne2 h6 11. Bd2 O-O 12. Qc1 Kh7 13. c4 Rb8 14. Rb1 Bd7 15.
f4 f5 16. b4 b5 17. Qe1 Bc6 18. Qf2 e5 19. exf5 gxf5 20. fxe5 dxe5 21. Bxc6
Nxc6 22. Qf3 Qd7 23. c5 Rbe8 24. Qh5 e4 25. Nf4 Ne5 26. Rbe1 e3 27. Bc1 Qf7 28.
Qe2 Ng6 29. Nxg6 Qxg6 30. Qg2 f4 31. Rxf4 Rxf4 32. gxf4 Qxd3 33. Qe2 Qc3 34.
Bb2 Qd2 35. Kf1 d3 36. Qxd2 exd2 37. Rd1 Re1+ 38. Rxe1 dxe1=Q+ 39. Kxe1 Bxb2
40. Kd2 Ba3 41. c6 Bxb4+ 42. Kxd3 Bd6 43. Ke4 Kg6 44. h3 Kf6 45. f5 Bc7 46. h4
h5 47. a3 a6 48. Kd5 Kxf5 49. Kd4 Kg4 50. Ke4 Kxh4 0-1

[Event "IV C.to Europeo seniores"]
[Site "Arvier ITA"]
[Date "2004.09.15"]
[Round "6"]
[White "Bukal, Vladimir sr"]
[Black "Saunina, Ludmila"]
[Result "1-0"]
[WhiteElo "2397"]
[BlackElo "2282"]
[PlyCount "103"]
[EventDate "2004.09.10"]

1. c4 e5 2. Nc3 d6 3. d4 exd4 4. Qxd4 Nc6 5. Qd2 Nf6 6. e4 Be6 7. b3 a5 8. Nge2
a4 9. Rb1 axb3 10. axb3 Nb4 11. Nd4 Bd7 12. Be2 Be7 13. O-O O-O 14. Nc2 Nxc2
15. Qxc2 Re8 16. f3 Bf8 17. Rd1 h6 18. Be3 Re5 19. b4 Re8 20. Qd2 Qe7 21. Bd4
Be6 22. Bf1 c6 23. Re1 Qd8 24. Qc2 Nd7 25. f4 f6 26. Na4 Bf7 27. Bd3 Rc8 28.
Bf2 b5 29. cxb5 cxb5 30. Nc3 Qc7 31. Bxb5 d5 32. exd5 Rxe1+ 33. Bxe1 Bxd5 34.
Qf5 Qb6+ 35. Bf2 Be6 36. Qe4 Qd6 37. Rd1 Qe7 38. Bxd7 Bxd7 39. Qxe7 Bxe7 40.
Rxd7 Bxb4 41. Nd1 Rc4 42. g3 Rc2 43. Kg2 h5 44. Kf3 g5 45. Ke4 gxf4 46. gxf4
Re2+ 47. Kf5 Be7 48. Kg6 h4 49. Rc7 Bd8 50. Rc8 Rd2 51. Nc3 Kf8 52. Ne4 1-0

[Event "IV C.to Europeo seniores"]
[Site "Arvier ITA"]
[Date "2004.09.15"]
[Round "6"]
[White "Chernikov, Oleg L."]
[Black "Komysheva, Margarita"]
[Result "1-0"]
[WhiteElo "2412"]
[BlackElo "2208"]
[PlyCount "89"]
[EventDate "2004.09.10"]

1. g3 e5 2. c4 d6 3. Bg2 Nc6 4. Nc3 g6 5. e3 Bg7 6. Nge2 Nge7 7. Rb1 a5 8. O-O
O-O 9. d3 f5 10. a3 g5 11. f4 exf4 12. exf4 g4 13. d4 Ng6 14. d5 Nce7 15. Nd4
Rf6 16. Re1 Nf8 17. Be3 h5 18. Ndb5 h4 19. c5 hxg3 20. hxg3 Rh6 21. Bd4 Nh7 22.
Qd3 Ng6 23. Rbc1 dxc5 24. Bxc5 Bd7 25. Bf2 Rc8 26. Nd4 Ne7 27. Qc4 Kf8 28. Rcd1
Qe8 29. Ne6+ Bxe6 30. dxe6 c6 31. Rd7 b5 32. Qd3 Bf6 33. Bc5 Qh5 34. Kf2 Re8
35. Rh1 Qg6 36. Rxh6 Qxh6 37. Qxf5 Qg7 38. Be4 Kg8 39. Qxh7+ Qxh7 40. Bxh7+
Kxh7 41. Ne4 Kg6 42. Nxf6 Kxf6 43. Rxe7 Rxe7 44. Bxe7+ Kxe7 45. f5 1-0

[Event "IV C.to Europeo seniores"]
[Site "Arvier ITA"]
[Date "2004.09.15"]
[Round "6"]
[White "Estrada Martinez, Cesar"]
[Black "Gardi, Giuseppe"]
[Result "1-0"]
[WhiteElo "2235"]
[BlackElo "2061"]
[PlyCount "111"]
[EventDate "2004.09.10"]

1. Nf3 g6 2. d4 Bg7 3. c4 d6 4. Nc3 Nd7 5. g3 e5 6. Bg2 Ne7 7. O-O O-O 8. e4
Nc6 9. Be3 exd4 10. Nxd4 Nce5 11. b3 Nc5 12. h3 Ne6 13. f4 Nxd4 14. Bxd4 c5 15.
Bf2 Nxc4 16. Qd3 Qa5 17. Rac1 Nb6 18. Nb5 Be6 19. Nxd6 Qxa2 20. e5 c4 21. bxc4
Rfd8 22. Qc2 Qxc2 23. Rxc2 Rxd6 24. exd6 Nxc4 25. d7 Rd8 26. Bxb7 Rxd7 27. Bc8
Rd2 28. Rxd2 Nxd2 29. Rd1 Bxc8 30. Rxd2 Bf6 31. g4 h6 32. Bxa7 Be6 33. Bd4
Bxd4+ 34. Rxd4 h5 35. gxh5 Bxh3 36. hxg6 fxg6 37. Kh2 Bf5 38. Kg3 Kg7 39. Rd6
Kh6 40. Kh4 Bb1 41. Rb6 Bf5 42. Rf6 Bc2 43. Kg4 Bd1+ 44. Kg3 Bc2 45. Kf3 Kg7
46. Rd6 Bf5 47. Ke3 Kh6 48. Kd4 Kh5 49. Ke5 Kg4 50. Rd1 Kf3 51. Rc1 Kg3 52.
Rc3+ Kg4 53. Rc4 Kf3 54. Kf6 Kg4 55. Rb4 Kh4 56. Rb5 1-0

[Event "IV C.to Europeo seniores"]
[Site "Arvier ITA"]
[Date "2004.09.15"]
[Round "6"]
[White "Gruzmann, Boris"]
[Black "Popivoda, Radmila"]
[Result "1-0"]
[WhiteElo "2314"]
[BlackElo "2234"]
[PlyCount "89"]
[EventDate "2004.09.10"]

1. e4 e6 2. d4 d5 3. e5 b6 4. c3 Qd7 5. Qg4 c5 6. Nf3 Ne7 7. a4 Ba6 8. Bxa6
Nxa6 9. O-O Nf5 10. a5 b5 11. Qh3 cxd4 12. g4 Ne7 13. cxd4 Nb4 14. Ne1 Nec6 15.
Be3 a6 16. Nd2 O-O-O 17. f4 f5 18. gxf5 exf5 19. Nb3 Kb8 20. Bf2 Rc8 21. Rc1 h6
22. Nd3 Nxd3 23. Qxd3 g5 24. Bg3 g4 25. Bh4 Qe6 26. Rc5 Na7 27. Rxc8+ Nxc8 28.
Rc1 Rh7 29. Qc3 Na7 30. Bd8 Kb7 31. Bb6 Nc8 32. Bc5 Rc7 33. Qd2 Bg7 34. Bb4 Kb8
35. Nc5 Qg6 36. Rc3 Ka7 37. Nb3 Rxc3 38. Qxc3 Kb7 39. Nc5+ Ka7 40. Nd7 Kb7 41.
e6 Qe8 42. Kg2 h5 43. Qc2 Bxd4 44. Qxf5 Kc6 45. Qf7 1-0

[Event "IV C.to Europeo seniores"]
[Site "Arvier ITA"]
[Date "2004.09.15"]
[Round "6"]
[White "Hilburt, Leonid"]
[Black "Hallerod, Ralph"]
[Result "1-0"]
[WhiteElo "2237"]
[BlackElo "2111"]
[PlyCount "93"]
[EventDate "2004.09.10"]

1. e4 c5 2. Nf3 d6 3. d4 cxd4 4. Nxd4 Nf6 5. Nc3 a6 6. Be2 e5 7. Nb3 h6 8. O-O
b5 9. a3 Bb7 10. Bf3 Nbd7 11. Be3 Rc8 12. Qe2 Be7 13. Rad1 Qc7 14. g3 O-O 15.
Bg2 Qc4 16. Qe1 Ba8 17. f4 b4 18. Na5 Qc7 19. axb4 Rfe8 20. Nb3 Bf8 21. Rc1
exf4 22. Rxf4 g5 23. Rf1 Nxe4 24. Nxe4 Bxe4 25. Qf2 Bg6 26. Bd5 Ne5 27. Bd4 Bg7
28. Qd2 Nc4 29. Bxc4 Qxc4 30. Bxg7 Kxg7 31. Qd4+ Kg8 32. Qxc4 Rxc4 33. c3 Re2
34. Rf2 Rxf2 35. Kxf2 Rc6 36. Na5 Rc8 37. Rd1 Rd8 38. Nb7 Rd7 39. Nc5 Ra7 40.
Rxd6 a5 41. b5 Rc7 42. Rd8+ Kg7 43. b6 Rxc5 44. b7 Rb5 45. b8=Q Rxb8 46. Rxb8
a4 47. Ke3 1-0

[Event "IV C.to Europeo seniores"]
[Site "Arvier ITA"]
[Date "2004.09.15"]
[Round "6"]
[White "Jakobsen, Ole"]
[Black "Gousseinov, Aguif"]
[Result "1-0"]
[WhiteElo "2379"]
[BlackElo "2059"]
[PlyCount "55"]
[EventDate "2004.09.10"]

1. d4 Nf6 2. c4 e6 3. Nf3 Bb4+ 4. Bd2 Be7 5. Nc3 d5 6. Bg5 h6 7. Bh4 Nbd7 8. e3
c6 9. Qc2 Qa5 10. Nd2 O-O 11. Be2 Re8 12. O-O e5 13. Nb3 Qd8 14. Bxf6 Bxf6 15.
cxd5 exd4 16. exd4 cxd5 17. Nxd5 Nb6 18. Nxf6+ Qxf6 19. Bf3 Bf5 20. Qd2 Nc4 21.
Qb4 Nd6 22. Rfe1 Rac8 23. Rxe8+ Nxe8 24. Rc1 Rxc1+ 25. Nxc1 Nd6 26. Qd2 Nc4 27.
Qc3 Qe7 28. Qxc4 1-0

[Event "IV C.to Europeo seniores"]
[Site "Arvier ITA"]
[Date "2004.09.15"]
[Round "6"]
[White "Joksic, Sinisa"]
[Black "Klovans, Janis"]
[Result "1-0"]
[WhiteElo "2340"]
[BlackElo "2456"]
[PlyCount "75"]
[EventDate "2004.09.10"]

1. c4 e6 2. Nc3 d5 3. d4 Nf6 4. Bg5 Be7 5. e3 O-O 6. cxd5 exd5 7. Bd3 Nbd7 8.
Qc2 Re8 9. h3 Nf8 10. Bf4 c6 11. Nf3 Ng6 12. Bh2 Bd6 13. Bxd6 Qxd6 14. O-O-O
Be6 15. Kb1 Rac8 16. Rc1 Nf8 17. g4 Qe7 18. Ne5 N6d7 19. f4 f6 20. Nf3 b5 21.
g5 Nb6 22. b3 Kh8 23. Rhg1 a5 24. gxf6 Qxf6 25. Rg5 a4 26. Rcg1 axb3 27. axb3
Re7 28. Ne5 h6 29. Ng6+ Nxg6 30. Rxg6 Qf8 31. f5 Bd7 32. f6 gxf6 33. Qf2 f5 34.
Qf4 Kh7 35. Rd6 Re6 36. Bxf5+ Kh8 37. Rxe6 Bxe6 38. Qe5+ 1-0

[Event "IV C.to Europeo seniores"]
[Site "Arvier ITA"]
[Date "2004.09.15"]
[Round "6"]
[White "Karl, Hans"]
[Black "Kock, Hans-Uwe"]
[Result "1/2-1/2"]
[WhiteElo "2283"]
[BlackElo "2172"]
[PlyCount "28"]
[EventDate "2004.09.10"]

1. f4 d5 2. Nf3 g6 3. e3 Bg7 4. Be2 Bg4 5. O-O Nd7 6. d4 Bxf3 7. Bxf3 e6 8. b3
Ndf6 9. Nd2 Ne7 10. Ba3 O-O 11. Rc1 Re8 12. c4 c6 13. Qc2 Nf5 14. Rfe1 h5
1/2-1/2

[Event "IV C.to Europeo seniores"]
[Site "Arvier ITA"]
[Date "2004.09.15"]
[Round "6"]
[White "Macek, Vlasta"]
[Black "Guglielmi, Nicolo'"]
[Result "1-0"]
[WhiteElo "2230"]
[BlackElo "1997"]
[PlyCount "77"]
[EventDate "2004.09.10"]

1. d4 d5 2. Nf3 e6 3. g3 Bd6 4. Bg2 Ne7 5. c4 c6 6. b3 O-O 7. O-O Nd7 8. Ba3
Bxa3 9. Nxa3 f5 10. e3 Ng6 11. Qc2 Nf6 12. Rac1 Qe7 13. Qb2 Bd7 14. Ne5 Be8 15.
Nb1 Rc8 16. Nd2 Bf7 17. b4 Ne4 18. Ndf3 Rc7 19. c5 Be8 20. a4 a6 21. Rfe1 Nxe5
22. dxe5 g5 23. Nd4 g4 24. h4 gxh3 25. Bxh3 Ng5 26. Bg2 Ne4 27. Ne2 h5 28. f3
Ng5 29. Nf4 Qg7 30. Kf2 Re7 31. Rh1 Qh6 32. Rh4 Rff7 33. Rxh5 Qg7 34. Rch1 Rf8
35. R5h4 Kf7 36. Nh5 Qg6 37. Nf6 Bd7 38. f4 Ne4+ 39. Bxe4 1-0

[Event "IV C.to Europeo seniores"]
[Site "Arvier ITA"]
[Date "2004.09.15"]
[Round "6"]
[White "Marjanovic, Slavko"]
[Black "Adibekian, Roubik"]
[Result "0-1"]
[WhiteElo "2024"]
[BlackElo "2219"]
[PlyCount "94"]
[EventDate "2004.09.10"]

1. d4 d5 2. Nf3 Nf6 3. c4 e6 4. Nbd2 c5 5. cxd5 Qxd5 6. e3 cxd4 7. Nxd4 Be7 8.
Qb3 O-O 9. Qxd5 Nxd5 10. Be2 e5 11. N4f3 Nc6 12. O-O a6 13. Rd1 Be6 14. Nc4 e4
15. Nd4 Nxd4 16. exd4 Rac8 17. Kf1 Rfd8 18. Ne3 Nb4 19. a3 Nc2 20. Nxc2 Rxc2
21. b4 f5 22. Be3 Bf6 23. f3 Bd5 24. f4 Rdc8 25. Rac1 Rxc1 26. Bxc1 Kf7 27. b5
a5 28. Be3 Rc3 29. Bc1 Be7 30. Bd2 Rxa3 31. Rc1 Bd6 32. Rc8 Ra1+ 33. Kf2 a4 34.
Bc4 Bxc4 35. Rxc4 Ke6 36. Rc8 Kd5 37. Rd8 Rb1 38. Ba5 Ke6 39. d5+ Ke7 40. Rg8
Kf7 41. Rd8 Bc5+ 42. Ke2 Rxb5 43. Bc3 Be7 44. Ra8 a3 45. Ra7 Bc5 46. Ra5 Rxa5
47. Bxa5 Bd4 0-1

[Event "IV C.to Europeo seniores"]
[Site "Arvier ITA"]
[Date "2004.09.15"]
[Round "6"]
[White "Rosino, Antonio"]
[Black "Hecht, Hans-Joachim"]
[Result "1/2-1/2"]
[WhiteElo "2277"]
[BlackElo "2423"]
[PlyCount "239"]
[EventDate "2004.09.10"]

1. e4 e5 2. Nf3 Nc6 3. Nc3 Nf6 4. Bb5 Bd6 5. O-O O-O 6. d4 exd4 7. Nxd4 Nxd4 8.
Qxd4 Re8 9. f3 Be5 10. Qd3 c6 11. Bc4 b5 12. Bb3 a5 13. a4 b4 14. Ne2 d5 15.
exd5 Ba6 16. Bc4 Bxc4 17. Qxc4 Qb6+ 18. Kh1 Nxd5 19. c3 Rad8 20. Bg5 Rd6 21.
Rae1 Rde6 22. Bd2 Bf6 23. Ng3 bxc3 24. bxc3 Rxe1 25. Rxe1 Rxe1+ 26. Bxe1 Bxc3
27. Bxc3 Qb1+ 28. Nf1 Nxc3 29. h3 Nxa4 30. Qxc6 Qxf1+ 31. Kh2 g6 32. Qe8+ Kg7
33. Qe5+ Kg8 34. Qe8+ Kg7 35. Qe5+ Kf8 36. Qd6+ Ke8 37. Qc6+ Ke7 38. Qc7+ Ke6
39. Qc6+ Ke5 40. Qxa4 Qa6 41. f4+ Kd5 42. Qa2+ Ke4 43. Qxf7 a4 44. Qe7+ Kxf4
45. Qb4+ Ke5 46. Qc5+ Ke6 47. Qe3+ Kd7 48. Qh6 Qd6+ 49. Kh1 Qe7 50. Qd2+ Ke8
51. Qc3 a3 52. Qc8+ Kf7 53. Qc4+ Kf8 54. Qc8+ Kg7 55. Qc3+ Kh6 56. Qc1+ g5 57.
Qc6+ Kg7 58. Qc3+ Kf7 59. Qb3+ Kf8 60. Qf3+ Ke8 61. Qc6+ Kd8 62. Qa8+ Kd7 63.
Qb7+ Ke6 64. Qe4+ Kf6 65. Qf3+ Kg6 66. Qc6+ Qf6 67. Qc2+ Kh6 68. Qc4 Qd6 69.
Qa4 Kg7 70. Qa7+ Kg6 71. Qa4 Qc5 72. Qe4+ Kf6 73. Qxh7 Ke5 74. Qg7+ Kf4 75.
Qf7+ Ke3 76. Qb3+ Kd2 77. Qa2+ Kd1 78. Qb1+ Ke2 79. Qa2+ Kd3 80. Qb3+ Kd4 81.
Qd1+ Kc4 82. Qc2+ Kb4 83. Qb1+ Kc3 84. Qc1+ Kd4 85. Qd2+ Ke4 86. Qe2+ Qe3 87.
Qc4+ Ke5 88. Qb5+ Kf4 89. Qb8+ Ke4 90. Qb4+ Kd5 91. Qb5+ Qc5 92. Qd3+ Kc6 93.
Qe4+ Kc7 94. Qh7+ Kb6 95. Qg6+ Ka5 96. Qb1 Qd5 97. Qe1+ Ka4 98. Qe8+ Kb4 99.
Qe1+ Ka4 100. Qe8+ Kb3 101. Qe3+ Kb2 102. Qe2+ Kc3 103. Qe3+ Qd3 104. Qe5+ Kb3
105. Qe6+ Kb2 106. Qe5+ Kc2 107. Qc5+ Kd1 108. Qg1+ Ke2 109. Qa7 Qd1+ 110. Kh2
Qd6+ 111. Kh1 Qg3 112. Qa6+ Qd3 113. Qe6+ Qe3 114. Qa6+ Ke1 115. Qa5+ Kd1 116.
Qa4+ Kd2 117. Qa5+ Kc1 118. Qc7+ Kd1 119. Qd6+ Ke2 120. Qa6+ 1/2-1/2

[Event "IV C.to Europeo seniores"]
[Site "Arvier ITA"]
[Date "2004.09.15"]
[Round "6"]
[White "Shabanov, Yuri"]
[Black "Arkhangelsky, Boris"]
[Result "1-0"]
[WhiteElo "2429"]
[BlackElo "2376"]
[PlyCount "75"]
[EventDate "2004.09.10"]

1. e4 c5 2. Nf3 e6 3. Nc3 a6 4. d4 cxd4 5. Nxd4 Nc6 6. Be3 Qc7 7. Qd2 Nf6 8.
O-O-O Bb4 9. f3 d5 10. a3 Be7 11. exd5 Nxd5 12. Nxd5 exd5 13. Qc3 O-O 14. Nxc6
Qxc6 15. Bd4 Qh6+ 16. Kb1 Be6 17. Bd3 Rfc8 18. Qd2 Bg5 19. Qf2 b5 20. h4 Bf4
21. g3 Bc7 22. Be3 Bxg3 23. Qd2 Qf6 24. Bg5 Qxf3 25. Rdf1 Qh5 26. Rhg1 Be5 27.
Qe3 Bh2 28. Rg2 d4 29. Qe1 Bd6 30. Bf6 g6 31. Rg5 Qh6 32. h5 Re8 33. Qh4 Kf8
34. Qxd4 Be7 35. hxg6 hxg6 36. Rxg6 Qxg6 37. Bxg6 fxg6 38. Bh8+ 1-0

[Event "IV C.to Europeo seniores"]
[Site "Arvier ITA"]
[Date "2004.09.15"]
[Round "6"]
[White "Sorokina, Tamara"]
[Black "Lein, Marina"]
[Result "0-1"]
[WhiteElo "2154"]
[BlackElo "2007"]
[PlyCount "107"]
[EventDate "2004.09.10"]

1. d4 Nf6 2. Nf3 g6 3. c3 Bg7 4. Bg5 d5 5. Nbd2 O-O 6. e3 Bf5 7. Be2 Nbd7 8.
O-O c6 9. c4 dxc4 10. Nxc4 Ne4 11. Ncd2 Nxg5 12. Nxg5 Nb6 13. Ngf3 Bg4 14. h3
Bxf3 15. Nxf3 e6 16. Qb3 Qe7 17. Rfd1 Rfd8 18. a4 Nd5 19. a5 a6 20. Bf1 Rab8
21. Qc4 Nc7 22. e4 Rd7 23. Rd3 Rbd8 24. Rad1 Nb5 25. b3 Nd6 26. Qc2 Nxe4 27.
Qe2 Nf6 28. Ne5 Rd5 29. Nc4 Nh5 30. Qe3 Qf6 31. g3 Rxd4 32. Rxd4 Rxd4 33. Rxd4
Qxd4 34. Qxd4 Bxd4 35. g4 Nf4 36. Nd6 b6 37. axb6 Bxb6 38. Bxa6 Nxh3+ 39. Kg2
Nxf2 40. Kf3 Bc5 41. Nc4 Bd4 42. Nd6 Kf8 43. g5 Ke7 44. Nc4 Nd1 45. b4 Nb2 46.
Na5 Kd7 47. Bb7 c5 48. Bc6+ Kd6 49. b5 c4 50. Ke4 Bb6 51. Nb7+ Ke7 52. Ke5 c3
53. Be4 Nc4+ 54. Kf4 0-1

[Event "IV C.to Europeo seniores"]
[Site "Arvier ITA"]
[Date "2004.09.15"]
[Round "6"]
[White "Tseitlin, Mark D."]
[Black "Jansa, Vlastimil"]
[Result "1/2-1/2"]
[WhiteElo "2484"]
[BlackElo "2500"]
[PlyCount "57"]
[EventDate "2004.09.10"]

1. e4 c5 2. Nf3 e6 3. Nc3 a6 4. d4 cxd4 5. Nxd4 Nc6 6. Be3 Qc7 7. Be2 b5 8.
Nxc6 Qxc6 9. Bf3 Bb7 10. O-O Ne7 11. Re1 Qc7 12. Bd4 Rc8 13. Rc1 Ng6 14. a4 b4
15. Nd5 Bxd5 16. exd5 Bd6 17. Bxg7 Rg8 18. Bh6 Bxh2+ 19. Kh1 Bf4 20. Bxf4 Qxf4
21. dxe6 dxe6 22. Qe2 Qh4+ 23. Kg1 Nf4 24. Qe3 Rg6 25. g3 Rxg3+ 26. fxg3 Qxg3+
27. Kf1 Qh3+ 28. Kg1 Qg3+ 29. Kf1 1/2-1/2

[Event "IV C.to Europeo seniores"]
[Site "Arvier ITA"]
[Date "2004.09.15"]
[Round "6"]
[White "Van den Berg, Adrianus M.J."]
[Black "Loktiev, Ivan"]
[Result "1/2-1/2"]
[WhiteElo "2286"]
[BlackElo "2410"]
[PlyCount "22"]
[EventDate "2004.09.10"]

1. e4 e5 2. Nf3 Nc6 3. Bc4 Bc5 4. c3 Nf6 5. d3 d6 6. O-O a6 7. Nbd2 O-O 8. Bb3
b5 9. Re1 Be6 10. Nf1 Bxb3 11. Qxb3 h6 1/2-1/2

[Event "IV C.to Europeo seniores"]
[Site "Arvier ITA"]
[Date "2004.09.16"]
[Round "7"]
[White "Adibekian, Roubik"]
[Black "Van den Berg, Adrianus M.J."]
[Result "0-1"]
[WhiteElo "2219"]
[BlackElo "2286"]
[PlyCount "56"]
[EventDate "2004.09.10"]

1. d4 g6 2. Nf3 Bg7 3. c3 d6 4. e4 Nf6 5. Bd3 O-O 6. h3 Nc6 7. O-O e5 8. d5 Ne7
9. Be3 Nh5 10. Qd2 f5 11. Bh6 f4 12. Bxg7 Nxg7 13. Nh2 f3 14. g4 Rf4 15. Qe3 h5
16. Nd2 hxg4 17. hxg4 Bxg4 18. Nhxf3 Bxf3 19. Nxf3 Qd7 20. Nh2 Nh5 21. Be2 Nf6
22. Bf3 Kg7 23. Qe2 Rh8 24. Bg2 Rfh4 25. Nf3 Qg4 26. Nxh4 Qxe2 27. Bf3 Qd2 28.
Ng2 Qh6 0-1

[Event "IV C.to Europeo seniores"]
[Site "Arvier ITA"]
[Date "2004.09.16"]
[Round "7"]
[White "Arkhangelsky, Boris"]
[Black "Chernikov, Oleg L."]
[Result "0-1"]
[WhiteElo "2376"]
[BlackElo "2412"]
[PlyCount "72"]
[EventDate "2004.09.10"]

1. d4 Nf6 2. c4 c6 3. Nc3 Qa5 4. Nf3 b5 5. e3 bxc4 6. Bxc4 Ba6 7. Nd2 Bxc4 8.
Nxc4 Qa6 9. b3 e6 10. O-O d5 11. Ne5 Nbd7 12. Nxd7 Nxd7 13. Bb2 Nb6 14. Ne2 Bd6
15. Nc1 O-O 16. Nd3 Nd7 17. Qd2 Qb5 18. Rfc1 Rfc8 19. Nc5 Bxc5 20. dxc5 e5 21.
Qc2 Re8 22. e4 d4 23. Qc4 Rab8 24. Rc2 a5 25. Rac1 a4 26. Qxb5 Rxb5 27. bxa4
Rb4 28. a3 Rb3 29. f4 Rbb8 30. Ba1 f6 31. fxe5 fxe5 32. Ra2 Kf7 33. a5 Ra8 34.
a4 Rxa5 35. Bb2 Ke6 36. Rc4 Nf6 0-1

[Event "IV C.to Europeo seniores"]
[Site "Arvier ITA"]
[Date "2004.09.16"]
[Round "7"]
[White "Asmundsson, Ingvar"]
[Black "Tseitlin, Mark D."]
[Result "0-1"]
[WhiteElo "2295"]
[BlackElo "2484"]
[PlyCount "94"]
[EventDate "2004.09.10"]

1. e4 c5 2. Nf3 Nc6 3. Bb5 e6 4. O-O Nge7 5. b3 Nd4 6. Be2 Nec6 7. c3 Nxe2+ 8.
Qxe2 d5 9. exd5 Qxd5 10. d4 cxd4 11. cxd4 Bb4 12. a3 Bd6 13. Qd3 Qh5 14. Nc3
O-O 15. Ne2 Rd8 16. Bf4 e5 17. Ng3 Qg4 18. dxe5 Bxe5 19. Qxd8+ Nxd8 20. Bxe5
Nc6 21. Bc3 f6 22. Rfe1 Qg6 23. Ne4 Bg4 24. Nh4 Qh5 25. g3 Rf8 26. Ng2 Bf3 27.
Nf4 Qf5 28. Nd2 Ne5 29. Bxe5 fxe5 30. Nxf3 exf4 31. Nh4 Qf7 32. b4 g5 33. Ng2
Qf5 34. Rad1 h6 35. gxf4 gxf4 36. f3 Qc2 37. Rd4 Qc3 38. Ree4 Qxf3 39. a4 Qb3
40. Nxf4 Qxa4 41. Kg2 Qc6 42. Kg3 Qc1 43. h4 a6 44. Ne2 Qf1 45. Nf4 Rf7 46. h5
Kh7 47. Rd5 Rxf4 0-1

[Event "IV C.to Europeo seniores"]
[Site "Arvier ITA"]
[Date "2004.09.16"]
[Round "7"]
[White "Etmans, Maarten D."]
[Black "Rosino, Antonio"]
[Result "1/2-1/2"]
[WhiteElo "2213"]
[BlackElo "2277"]
[PlyCount "25"]
[EventDate "2004.09.10"]

1. e4 e5 2. Nf3 Nc6 3. Bb5 a6 4. Ba4 Nf6 5. Qe2 Be7 6. O-O b5 7. Bb3 O-O 8. c3
d5 9. d3 Bb7 10. Bg5 d4 11. Bxf6 Bxf6 12. Bd5 Re8 13. Nbd2 1/2-1/2

[Event "IV C.to Europeo seniores"]
[Site "Arvier ITA"]
[Date "2004.09.16"]
[Round "7"]
[White "Gardi, Giuseppe"]
[Black "Beltrami, Nerio"]
[Result "0-1"]
[WhiteElo "2061"]
[BlackElo "1970"]
[PlyCount "126"]
[EventDate "2004.09.10"]

1. d4 Nf6 2. Nf3 g6 3. Bf4 Bg7 4. e3 c5 5. h3 O-O 6. Be2 b6 7. O-O Bb7 8. c3 d6
9. a4 a6 10. Na3 Nbd7 11. Qb3 Qc7 12. Rad1 Rab8 13. d5 Ne8 14. Qc2 Ne5 15. e4
Bc8 16. Bh2 Bd7 17. Nh4 c4 18. f4 Nd3 19. Kh1 Nc5 20. Bxc4 Bxa4 21. b3 Bd7 22.
Nb1 b5 23. Be2 Rc8 24. Bg1 Nb7 25. Bd4 Bxd4 26. Rxd4 Qc5 27. Qd2 a5 28. f5 Kg7
29. fxg6 hxg6 30. Qg5 Nf6 31. e5 dxe5 32. Qxe5 Qd6 33. Qg5 Nh7 34. Qd2 Nc5 35.
Bd1 Nf6 36. Bc2 Rh8 37. Qf2 Rh5 38. c4 bxc4 39. bxc4 Rb8 40. Be4 Qe5 41. Bf3
Rh6 42. Nc3 Rb3 43. Re1 Qg5 44. Re3 a4 45. Bd1 Rxc3 46. Rxc3 Nce4 47. Rxe4 Nxe4
48. Qd4+ Qf6 49. Qxf6+ Kxf6 50. Rf3+ Ke5 51. g3 Bxh3 52. Kh2 Bg4 53. Rxf7 Bxd1
54. Rxe7+ Kd4 55. Kg2 Bc2 56. Re6 Nc5 57. Rc6 a3 58. Nf3+ Kxc4 59. Rc8 Kxd5 60.
Rd8+ Kc4 61. Ra8 Na4 62. Ne1 Be4+ 63. Kf2 Bxa8 0-1

[Event "IV C.to Europeo seniores"]
[Site "Arvier ITA"]
[Date "2004.09.16"]
[Round "7"]
[White "Gruzmann, Boris"]
[Black "Bukal, Vladimir sr"]
[Result "1/2-1/2"]
[WhiteElo "2314"]
[BlackElo "2397"]
[PlyCount "82"]
[EventDate "2004.09.10"]

1. e4 e6 2. d4 d5 3. Nd2 Nf6 4. e5 Nfd7 5. f4 c5 6. c3 cxd4 7. cxd4 Nc6 8. Ndf3
a5 9. Bd3 a4 10. a3 Nb6 11. Ne2 Na5 12. O-O Be7 13. g4 h5 14. gxh5 Rxh5 15. Ng3
Rh8 16. f5 Nb3 17. Rb1 Nc4 18. Bf4 b5 19. Rf2 Qb6 20. Bc2 exf5 21. Nxf5 Bxf5
22. Bxf5 Nxd4 23. Qxd4 Bc5 24. Bd7+ Kf8 25. Qxd5 Bxf2+ 26. Kf1 Rd8 27. Ng5 Qg6
28. Kxf2 Qc2+ 29. Kf3 Rh3+ 30. Nxh3 Qxb1 31. Nf2 Qxb2 32. Qxb5 Qxa3+ 33. Kg2
Ne3+ 34. Bxe3 Qxe3 35. Qb4+ Kg8 36. Qe7 Rf8 37. Bxa4 Qb6 38. Qd6 Qe3 39. Qe7
Qb6 40. Bc2 Qd8 41. Qxd8 Rxd8 1/2-1/2

[Event "IV C.to Europeo seniores"]
[Site "Arvier ITA"]
[Date "2004.09.16"]
[Round "7"]
[White "Guglielmi, Nicolo'"]
[Black "Pipitone, Antonio"]
[Result "0-1"]
[WhiteElo "1997"]
[BlackElo "2029"]
[PlyCount "80"]
[EventDate "2004.09.10"]

1. d4 Nf6 2. Nf3 g6 3. c4 c5 4. Nc3 cxd4 5. Nxd4 d6 6. e4 Bg7 7. Be2 Nbd7 8.
O-O Nc5 9. f3 O-O 10. Be3 a6 11. Qd2 Re8 12. b4 Ncd7 13. Rac1 Ne5 14. Rfd1 Bd7
15. c5 dxc5 16. bxc5 Rc8 17. Nb3 Bc6 18. Qe1 Qc7 19. Qh4 Rcd8 20. f4 Rxd1+ 21.
Rxd1 Ned7 22. Bf3 h5 23. Re1 Ng4 24. Bxg4 Bxc3 25. Rc1 Bf6 26. Qg3 hxg4 27. e5
Bg7 28. Qxg4 Nf8 29. h4 Qd7 30. Qe2 Rd8 31. Nd4 Ne6 32. Rd1 Nxd4 33. Rxd4 Qc8
34. Rb4 Qf5 35. Rb2 Qe4 36. Kh2 Bh6 37. Qf2 Rd3 38. Re2 Rxe3 39. Rxe3 Bxf4+ 40.
Rg3 Qxe5 0-1

[Event "IV C.to Europeo seniores"]
[Site "Arvier ITA"]
[Date "2004.09.16"]
[Round "7"]
[White "Hallerod, Ralph"]
[Black "Fainstein, Vladimir"]
[Result "1/2-1/2"]
[WhiteElo "2111"]
[BlackElo "2103"]
[PlyCount "98"]
[EventDate "2004.09.10"]

1. d4 d5 2. c4 e6 3. cxd5 exd5 4. Nc3 Nf6 5. Bg5 Be7 6. e3 O-O 7. Qc2 Re8 8.
Bd3 h6 9. Bf4 c6 10. Nf3 Nbd7 11. O-O Nf8 12. h3 Bd6 13. Be5 Qe7 14. Bxd6 Qxd6
15. a3 Bd7 16. b4 Rac8 17. Ne5 Re7 18. Qb3 Be6 19. f4 Ne4 20. Ra2 f6 21. Nf3
Bf7 22. Nh4 g6 23. Nxe4 dxe4 24. Bc4 Bxc4 25. Qxc4+ Kg7 26. Rc2 Nd7 27. Qe2 f5
28. g4 Qf6 29. Qf2 Kh7 30. Qg3 Rg8 31. Rg2 Reg7 32. g5 hxg5 33. fxg5 Qe6 34.
Rh2 Rh8 35. Ng2 Kg8 36. h4 Nb6 37. Qb8+ Qc8 38. Qxa7 Nd5 39. Qc5 Qc7 40. Qc2
Rgh7 41. Rc1 Qg3 42. Qf2 Qg4 43. b5 f4 44. exf4 e3 45. Qa2 Rxh4 46. Rxh4 Rxh4
47. bxc6 bxc6 48. Qb1 Nxf4 49. Qb8+ Kg7 1/2-1/2